000 00473nam a2200181Ia 4500
005 20250326124005.0
008 250326s9999 xx 000 0 und d
037 _aTextbook
040 _aFMSL
_beng
_cFMSL
041 _aeng
_2eng
084 _aXxM5 L5
_qFMSL
100 _aO'brien D P
245 0 _aClassical economists
_cO'brien D P
260 _aOxford
_bOxford, Clarendon
_c1975
300 _a306p
942 _cTB
_hXxM5 L5
999 _c1271785
_d1271785